|
|
|
|
| LEADER |
01118nam a2200325 a 4500 |
| 001 |
13928332 |
| 005 |
20150920020002.0 |
| 008 |
110312s2006 maua b 001 0 eng d |
| 010 |
|
|
|a 2005045344
|
| 020 |
|
|
|a 032131154x
|
| 020 |
|
|
|a 0321278844
|
| 040 |
|
|
|a DLC
|c DLC
|d DLC
|b D-DhAAL
|
| 042 |
|
|
|a pcc
|
| 050 |
0 |
0 |
|a HF1359
|b .K78 2006
|
| 082 |
0 |
0 |
|a 337
|2 22
|
| 100 |
1 |
|
|a Krugman, Paul R.
|
| 245 |
1 |
0 |
|a International economics :
|b theory and policy /
|c Paul R. Krugman, Maurice Obstfeld.
|
| 250 |
|
|
|a 7th ed.
|
| 260 |
|
|
|a Boston, MA :
|b Addison-Wesley,
|c 2006.
|
| 300 |
|
|
|a xxvii, 680 p. :
|b ill. (some col.) ;
|c 26 cm.
|
| 490 |
0 |
|
|a The Addison-Wesley series in economics
|
| 504 |
|
|
|a Includes bibliographical references and index.
|
| 541 |
1 |
|
|e 00015636
|
| 650 |
|
0 |
|a International economic relations.
|
| 650 |
|
0 |
|a International finance.
|
| 700 |
1 |
|
|a Obstfeld, Maurice.
|
| 852 |
|
|
|a Ayesha Abed Library
|c General shelf.
|
| 942 |
0 |
0 |
|0 1
|
| 999 |
|
|
|c 10524
|d 10524
|
| 952 |
|
|
|0 0
|1 0
|2 ddc
|4 0
|6 337_KRU
|7 0
|9 14634
|a BRACUL
|b BRACUL
|c GEN
|d 2011-03-12
|l 14
|m 75
|o 337 KRU
|p 3010015636
|r 2018-10-02
|s 2018-05-15
|t 1
|w 2011-03-12
|y BK
|